000 00491nam a2200181Ia 4500
003 GCL
008 140319s9999 xx 000 0 eng d
040 _aGCL /
_cGCL
082 0 4 _a153.9478
_bB M
100 1 _aBOYLE.J. DANID
245 1 0 _aMEASUREMENT AND EVOLUTION OF MUSICAL EXPERIENCE /
_cBOYLE.J. DANID
700 1 _aRADOCY, RUDALF E.
260 _a[S.N] :
_bSCHIRMER BOOKS ،
_c1987
300 _a332 P
650 0 4 _aMUSICAL ABILITY- TREATING
650 0 4 _aMUSIC
942 _2ddc
_cBK
999 _c19534
_d19534